01011nam a2200241 i 4500001000700000003000900007005001700016008004100033040001300074080002100087100003000108245007500138260006500213300004600278490006000324597003100384599006100415700004300476830006800519852003700587999001900624952012600643162784ES-MaACL20250820142434.0940615s1891 sp a |||| | spa d aAR bspa a821.134.2-14"18"1 aQuerol, Vicente W.99454710aRimas / cde Vicente W. Querol ; con un prólogo de Teodoro Llorente. aMadrid : b[s.n.], c1891 (fImp. y Fundición de M. Tello) aXLIV, 365 p., [1] h. de lám. ; c18 cm.1 aColección de escritores castellanos. Líricos ; v90 aPort. a dos tintas orlada. aH. de lám. calc. : "B. Maura f.", retrato del autor. -1 aLlorente, Teodoro, d1836-191191507000 aColección de escritores castellanos. Líricos ; v909187678 aES-MaACLjF-12659 z-- Enc. hol. c162784d162784 001040708LIBXIXaATENEOMbATENEOMcSPP2d2008-01-17eSSCl0oF-12659p1170554r2023-02-23 00:00:00w2023-02-23yMONANT